00289nam a2200121Ia 4500008004100000041000900041082001800050100002600068245002200094260003500116300000800151650000800159230718s9999 xx 000 0 und d aEng. a348.43bKHO-I aKhokhar, Munic #honed 0aInternational law aPakistanbIfon law book c2004 a114 aLaw